Gaming Quiz

Random Gaming or Clip Quiz
Score 0/90 Timer 20:00
2 Plays Today
Time Game % Correct
0:00-0:02Super Mario Bros.
94.6%
1:33-1:40Halo: Combat Evolved
39.1%
2:37-2:45Final Fantasy IV
33.7%
8:39-8:45Super Smash Bros. Melee
29.6%
4:56-5:03The Legend of Zelda: A Link to the Past
28.1%
7:58-8:05Final Fantasy IX
27.1%
0:59-1:05Punch-Out!!
26.2%
2:57-3:04The Legend of Zelda: The Wind Waker
25.3%
7:30-7:35Mega Man 2
24.8%
4:24-4:31Sonic the Hedgehog 3
21.5%
4:38-4:47Pokémon Gold/Silver/Crystal
21.3%
4:17-4:24Super Metroid
20.2%
9:01-9:08Super Mario Galaxy
19.8%
5:59-6:06Metal Gear Solid 3: Snake Eater
19.8%
3:25-3:31Kid Icarus
19.3%
0:18-0:24Star Fox 64
18.7%
3:44-3:48PaRappa the Rapper
18.5%
6:06-6:13Crash Bandicoot
17.7%
9:54-9:58Team Fortress 2
16.5%
7:20-7:24EarthBound
16.3%
0:46-0:53Perfect Dark
14.9%
7:08-7:13Mario Kart: Double Dash!!
14.4%
8:11-8:18Bubble Bobble
14.3%
0:38-0:46Mirror's Edge
14%
1:51-1:59Paper Mario
13.9%
0:02-0:07ToeJam & Earl
13.6%
7:35-7:43The Elder Scrolls III: Morrowind
13.1%
5:09-5:15Ghouls 'n' Ghosts
12.4%
2:45-2:51Castlevania: Symphony of the Night
12%
2:51-2:57Katamari Damacy
11.7%
Time Game % Correct
3:31-3:38Mass Effect
10.5%
6:20-6:26Secret of Mana
9.3%
8:18-8:26Professor Layton and the Curious Village
9.2%
0:31-0:38The World Ends With You
9%
1:12-1:20Paperboy
9%
9:16-9:23Pikmin
8.7%
6:13-6:20Teenage Mutant Ninja Turtles
8%
3:04-3:11Shin Megami Tensei: Persona 4
7.9%
6:37-6:43Sonic and the Secret Rings
7.6%
5:03-5:09Final Fantasy Tactics
7.4%
7:24-7:30Golden Axe
6.9%
1:20-1:27Zombies Ate My Neighbors
6.9%
7:13-7:20Streets of Rage 2
6.7%
3:11-3:17No More Heroes
6.6%
2:06-2:13NiGHTS into Dreams...
6.6%
1:40-1:44Advance Wars
6.3%
7:01-7:08Tekken 3
6.1%
6:26-6:32Harvest Moon
6.1%
9:37-9:45Wild ARMs
5.8%
1:27-1:33Bully
5.6%
2:33-2:37River City Ransom
5%
3:53-4:00Grim Fandango
4.8%
0:11-0:18OutRun
4.8%
6:56-7:01Dead Rising
4.6%
3:48-3:53Wario World
4.1%
4:31-4:38Gradius
4%
2:28-2:33Metal Slug
3.9%
1:59-2:06Gyromite
3.9%
6:50-6:56Parasite Eve
3.8%
4:47-4:56ICO
3.8%
Time Game % Correct
1:44-1:51Ristar
3.6%
5:37-5:44Guilty Gear
3.4%
1:05-1:12Lemmings
3.3%
6:43-6:50Shining Force: The Legacy of Great Intention
3.3%
7:51-7:58Viva Piñata
3.2%
2:20-2:28Wii Sports Resort
3%
9:31-9:37Warcraft: Orcs & Humans
3%
9:23-9:31Terranigma
3%
9:08-9:16Grandia
2.7%
8:26-8:33Star Ocean: The Second Story
2.6%
5:15-5:21Mega Man Legends
2.6%
0:07-0:11ChuChu Rocket!
2.5%
4:08-4:17Tales of Vesperia
2.4%
2:13-2:20Street Fighter Alpha: Warriors' Dreams
2.3%
6:32-6:37Monkey Island 2: LeChuck's Revenge
2.2%
5:51-5:59Resident Evil: Code Veronica
2.1%
8:54-9:01Valkyria Chronicles
2%
8:32-8:39Faxanadu
1.9%
5:28-5:37Suikoden V
1.7%
5:21-5:28Snake, Rattle 'n' Roll
1.6%
4:00-4:08The Operative: No One Lives Forever
1.5%
0:53-0:59Snatcher
1.4%
3:38-3:44Samurai Shodown
1.3%
8:05-8:11Rush'n Attack
1.2%
0:24-0:31Vampire Savior: The Lord of Vampire
1.2%
3:17-3:25Treasure Island Dizzy
0.8%
5:44-5:51Crysis
0.8%
9:45-9:54Elebits
0.8%
8:45-8:54Sensible World of Soccer
0.6%
7:43-7:51Dreamfall: The Longest Journey
0.5%
Remove Ads.
Support Sporcle.
Get the best of Sporcle when you Go Orange. This ad-free experience offers more features, more stats, and more fun while also helping to support Sporcle. Thank you for becoming a member.

You're not logged in!

Compare scores with friends on all Sporcle quizzes.
OR
Log In

Show Comments

Extras

Top Quizzes Today


Score Distribution

Your Account Isn't Verified!

In order to create a playlist on Sporcle, you need to verify the email address you used during registration. Go to your Sporcle Settings to finish the process.

Report this User

Report this user for behavior that violates our Community Guidelines.

Details: